WEEE debate kicks off (Record no. 72673)

MARC details
000 -LEADER
fixed length control field 01723cam a2200229 4500
001 - CONTROL NUMBER
control field ABS66751
008 - FIXED-LENGTH DATA ELEMENTS--GENERAL INFORMATION
fixed length control field 111208n2003 000 0 eng u
035 ## - SYSTEM CONTROL NUMBER
System control number (Sirsi) u122278
245 ## - TITLE STATEMENT
Title WEEE debate kicks off
260 ## - PUBLICATION, DISTRIBUTION, ETC.
Date of publication, distribution, etc. 2003
490 ## - SERIES STATEMENT
Series statement Environment Information Bulletin
Volume/sequential designation (129) May 2003, 14-16(3)
520 ## - SUMMARY, ETC.
Summary, etc. Feature on the EU directive on Waste Electrical and Electronic Equipment (WEEE) (Directive 02/96/EC) and its implementation into UK law. The Directive places new obligations on producers of electrical and electronic goods, in particular requiring them to finance the treatment, recovery and recycling of end products. The directive must be transposed into UK law by 13 August 2004 and the DTI has started the consultation process. Article outlines the scope of the directive, detailing the products it covers, and explains that member states must collect 4kg of WEEE per head of population by December 2006. Considers options for the collection of non-household WEEE and looks at ways to finance household WEEE treatment, differentiating between historic waste and future waste. Also looks at the IT sector and the case for a WEEE compliance scheme. Table.
590 ## - LOCAL NOTE (RLIN)
Local note ABS
650 ## - SUBJECT ADDED ENTRY--TOPICAL TERM
Topical term or geographic name entry element DIRECTIVE 02/96/EC
650 ## - SUBJECT ADDED ENTRY--TOPICAL TERM
Topical term or geographic name entry element WASTE ELECTRICAL AND ELECTRONIC EQUIPMENT REGULATIONS
650 ## - SUBJECT ADDED ENTRY--TOPICAL TERM
Topical term or geographic name entry element PRODUCERS
650 ## - SUBJECT ADDED ENTRY--TOPICAL TERM
Topical term or geographic name entry element HOUSEHOLD WASTE
650 ## - SUBJECT ADDED ENTRY--TOPICAL TERM
Topical term or geographic name entry element MANAGEMENT-BUSINESS MANAGEMENT-INFORMATION MANAGEMENT
690 ## - LOCAL SUBJECT ADDED ENTRY--TOPICAL TERM (OCLC, RLIN)
Topical term or geographic name as entry element ENVIRONMENTAL AND LAND CONSULTANCY-WASTE MANAGEMENT
856 ## - ELECTRONIC LOCATION AND ACCESS
Uniform Resource Identifier <a href="https://tna.europarchive.org/20050302090235/ https://www.dti.gov.uk/consultations/consultation-1326.html">https://tna.europarchive.org/20050302090235/ https://www.dti.gov.uk/consultations/consultation-1326.html</a>
Public note View the archived DTI consultation paper free of charge at http://tna.europarchive.org
942 ## - ADDED ENTRY ELEMENTS (KOHA)
Suppress in OPAC 0
Source of classification or shelving scheme Dewey Decimal Classification
Holdings
Withdrawn status Lost status Source of classification or shelving scheme Damaged status Not for loan Home library Current library Shelving location Date acquired Total Checkouts Full call number Barcode Date last seen Copy number Price effective from Koha item type
    Dewey Decimal Classification     London London Journal article 15/05/2003   ABS66751 122278-1001 06/08/2019 1 06/08/2019 Journal article